Successes and failures in meeting the management challenge : (Record no. 548449)

000 -LEADER
fixed length control field 00730cam a2200181 a 4500
020 ## - INTERNATIONAL STANDARD BOOK NUMBER
International Standard Book Number 082130254X
082 00 - DEWEY DECIMAL CLASSIFICATION NUMBER
Classification number 658.407124091724
Author Mark SUC
-- D
100 1# - MAIN ENTRY--PERSONAL NAME
Personal name Kubr, Milan.
9 (RLIN) 44747
245 10 - TITLE STATEMENT
Title Successes and failures in meeting the management challenge :
Remainder of title strategies and their implementation /
Statement of responsibility, etc. Milan Kubr, John Wallace.
260 ## - PUBLICATION, DISTRIBUTION, ETC.
Place of publication, distribution, etc. Washington, D.C., U.S.A. :
Name of publisher, distributor, etc. World Bank,
Date of publication, distribution, etc. c1983.
300 ## - PHYSICAL DESCRIPTION
Extent vii, 98 p. ;
Dimensions 27 cm.
490 1# - SERIES STATEMENT
Series statement World Bank staff working papers ;
-- Management and development series ;
526 ## - STUDY PROGRAM INFORMATION NOTE
Program name 0
Interest level 0
Reading level 0
Title point value 658_407124091724000_SUC
650 #0 - SUBJECT ADDED ENTRY--TOPICAL TERM
Topical term or geographic name entry element Executives
General subdivision Training of
Geographic subdivision Developing countries.
9 (RLIN) 44748
650 #0 - SUBJECT ADDED ENTRY--TOPICAL TERM
Topical term or geographic name entry element Management
Geographic subdivision Developing countries.
9 (RLIN) 44749
700 1# - ADDED ENTRY--PERSONAL NAME
Personal name Wallace, John,
9 (RLIN) 44750
942 ## - ADDED ENTRY ELEMENTS (KOHA)
Source of classification or shelving scheme
Koha item type Book
Holdings
Withdrawn status Lost status Source of classification or shelving scheme Damaged status Not for loan Permanent Location Current Location Date acquired Total Checkouts Full call number Barcode Date last seen Price effective from Koha item type
          Military College of Engineering (MCE) Military College of Engineering (MCE) 08/28/2014   658.407124091724 SUC MCE-42510 08/28/2014 08/28/2014 Book
© 2023 Central Library, National University of Sciences and Technology. All Rights Reserved.